000 00321nam a22001457a 4500
008 210427b ||||| |||| 00| 0 eng d
020 _a187845014x
041 _aeng
080 _a37
082 _a37
100 _a46
101 _aEDU
245 _aCreating the Child-centred Classroom
_cSchwartz,
942 _2udc
_cBK
999 _c56800
_d56800